[Event "La Pobla de Lillet op"]
[Site "La Pobla de Lillet ESP"]
[Date "2012.08.06"]
[Round "6.7"]
[White "Anguera Maestro, J.."]
[Black "Cervello Tost, F.."]
[Result "1-0"]
[WhiteElo "2153"]
[BlackElo "1973"]
[PlyCount "95"]
[EventDate "2012.08.01"]
[EventType "swiss"]
[EventRounds "9"]
[EventCountry "ESP"]
[SourceTitle "Ajedrez en Madrid"]
[Source "lmi"]
[SourceDate "2020.06.24"]
[SourceVersion "1"]
[SourceVersionDate "2020.06.25"]
[SourceQuality "1"]

1. d4 d5 2. Nf3 e6 3. e3 f5 4. c4 c6 5. Ne5 Nf6 6. Nd2 Bd6 7. f4 O-O 8. Be2 Ne4
9. O-O Nd7 10. Nxe4 fxe4 11. Bd2 Nxe5 12. fxe5 Be7 13. Bg4 Rxf1+ 14. Qxf1 Bd7
15. b4 b5 16. c5 a6 17. g3 Qe8 18. Qh3 Qf7 19. Rf1 Qg6 20. Bh5 Qh6 21. Bf7+ Kh8
22. Qxh6 gxh6 23. Bh5 Rf8 24. Ra1 Rd8 25. a4 Kg8 26. axb5 axb5 27. Ra7 Bf8 28.
Kf2 Bg7 29. Ke2 Bf8 30. Be1 Be7 31. Bf2 Bg5 32. Kf1 Kf8 33. Kg2 Be7 34. h4 Kg8
35. g4 Kf8 36. Bg3 Be8 37. Bxe8 Rxe8 38. Rc7 Ra8 39. Rxc6 Ra2+ 40. Kh3 Ra3 41.
Bf4 Rb3 42. Rxe6 Rxb4 43. Rb6 Rb1 44. c6 Rc1 45. e6 Bd8 46. Bxh6+ Ke8 47. Rb8
Rxc6 48. Bg5 1-0

[Event "La Pobla de Lillet op"]
[Site "La Pobla de Lillet ESP"]
[Date "2012.08.06"]
[Round "6.8"]
[White "Cerdans Costa, F.."]
[Black "Tejero Royo, F.."]
[Result "1/2-1/2"]
[WhiteElo "1882"]
[BlackElo "2136"]
[PlyCount "114"]
[EventDate "2012.08.01"]
[EventType "swiss"]
[EventRounds "9"]
[EventCountry "ESP"]
[SourceTitle "Ajedrez en Madrid"]
[Source "lmi"]
[SourceDate "2020.06.24"]
[SourceVersion "1"]
[SourceVersionDate "2020.06.25"]
[SourceQuality "1"]

1. d4 d5 2. c4 e6 3. Nc3 Nf6 4. Bg5 c6 5. e3 Nbd7 6. Nf3 Be7 7. Rc1 O-O 8. Bd3
b6 9. O-O Bb7 10. Qe2 c5 11. Rfd1 Ne4 12. Bxe7 Qxe7 13. Nd2 Nxd2 14. Rxd2 cxd4
15. exd4 dxc4 16. Bxc4 Qg5 17. d5 Ne5 18. Ne4 Qg6 19. Bb3 exd5 20. Bxd5 Bxd5
21. Rxd5 Qe6 22. Rcd1 Ng6 23. Ng3 Qf6 24. Qd2 Qf4 25. Qxf4 Nxf4 26. Rd7 Ne6 27.
Kf1 g6 28. Ne4 Kg7 29. Rb7 Rfd8 30. Rdd7 Rxd7 31. Rxd7 Rc8 32. Rxf7+ Kxf7 33.
Nd6+ Kf6 34. Nxc8 Ke5 35. Nxa7 Kd4 36. Nb5+ Kd3 37. Na3 Nd4 38. f4 Ne2 39. g3
Nc1 40. Kf2 Nxa2 41. Kf3 Nb4 42. f5 gxf5 43. Kf4 Nc2 44. Kxf5 Ne3+ 45. Kf4 Nd1
46. g4 Nxb2 47. h4 Kd4 48. g5 Nd3+ 49. Kf5 Ne5 50. h5 Nf3 51. Kf6 Nh4 52. Kg7
Nf3 53. Kh6 Ke4 54. g6 hxg6 55. Kxg6 Ne5+ 56. Kf6 Kf4 57. Nb5 Ng4+ 1/2-1/2

[Event "La Pobla de Lillet op"]
[Site "La Pobla de Lillet ESP"]
[Date "2012.08.06"]
[Round "6.9"]
[White "Ramos del Campo, A.."]
[Black "Diaz Lopez, P.."]
[Result "1-0"]
[WhiteElo "2078"]
[BlackElo "1962"]
[PlyCount "99"]
[EventDate "2012.08.01"]
[EventType "swiss"]
[EventRounds "9"]
[EventCountry "ESP"]
[SourceTitle "Ajedrez en Madrid"]
[Source "lmi"]
[SourceDate "2020.06.24"]
[SourceVersion "1"]
[SourceVersionDate "2020.06.25"]
[SourceQuality "1"]

1. e4 d5 2. exd5 Nf6 3. Bb5+ Bd7 4. Be2 Nxd5 5. d4 Bf5 6. Nf3 e6 7. O-O Be7 8.
a3 O-O 9. c4 Nb6 10. Nc3 Bf6 11. h3 Nc6 12. Be3 Bg6 13. b4 e5 14. d5 e4 15. Nd4
Ne5 16. Qb3 c6 17. d6 Nbd7 18. Rfd1 Bg5 19. Na4 Nb6 20. Bxg5 Qxg5 21. Nc5 Rab8
22. Na4 Nxa4 23. Qxa4 e3 24. Nf3 Nxf3+ 25. Bxf3 exf2+ 26. Kxf2 Qh4+ 27. Kg1
Qxc4 28. Qxa7 Rfd8 29. Rac1 Qf4 30. b5 Be4 31. Qd4 f5 32. bxc6 bxc6 33. Rxc6
Rd7 34. Qc4+ Kf8 35. Rc8+ Rd8 36. Rc7 Qe3+ 37. Kh1 Qb3 38. Qd4 Qb2 39. Qc4 Qb3
40. Qd4 Qb2 41. Bxe4 Qxd4 42. Rxd4 fxe4 43. d7 Rb1+ 44. Kh2 Re1 45. a4 Re3 46.
Rc5 g6 47. a5 Rd3 48. Rxd3 exd3 49. Rd5 Ke7 50. Rxd3 1-0

[Event "La Pobla de Lillet op"]
[Site "La Pobla de Lillet ESP"]
[Date "2012.08.06"]
[Round "6.10"]
[White "Alcaide Luque, A.."]
[Black "Blasco Cusido, F.."]
[Result "1-0"]
[WhiteElo "2123"]
[BlackElo "1934"]
[PlyCount "101"]
[EventDate "2012.08.01"]
[EventType "swiss"]
[EventRounds "9"]
[EventCountry "ESP"]
[SourceTitle "Ajedrez en Madrid"]
[Source "lmi"]
[SourceDate "2020.06.24"]
[SourceVersion "1"]
[SourceVersionDate "2020.06.25"]
[SourceQuality "1"]

1. d4 Nf6 2. Nf3 e6 3. c4 c5 4. Nc3 cxd4 5. Nxd4 Nc6 6. g3 Qc7 7. Bg2 a6 8. O-O
h5 9. h3 h4 10. g4 Nxd4 11. Qxd4 Bc5 12. Bf4 d6 13. Qd3 e5 14. Bg5 Be6 15. Bxf6
gxf6 16. Nd5 Bxd5 17. Bxd5 Ke7 18. b4 Bd4 19. Rac1 Qd7 20. Be4 Rhg8 21. Qf3 Rg5
22. Bf5 Qc6 23. Qxc6 bxc6 24. e3 Ba7 25. a4 Rgg8 26. Rfd1 Rab8 27. Rb1 Rgd8 28.
Be4 Rbc8 29. Kg2 Rc7 30. Kf3 Rb8 31. Rd2 a5 32. Rdb2 axb4 33. Rxb4 Rxb4 34.
Rxb4 Bc5 35. Rb8 Ke6 36. Rd8 Ke7 37. Ra8 Ra7 38. Rxa7+ Bxa7 39. Bxc6 Bc5 40. a5
Ba7 41. Ke4 Bc5 42. Kf5 Ba7 43. g5 fxg5 44. Kxg5 Bc5 45. Kxh4 Kf6 46. Kg4 Kg6
47. Be8 Ba7 48. h4 Kg7 49. Kg5 f6+ 50. Kf5 Bc5 51. h5 1-0

[Event "La Pobla de Lillet op"]
[Site "La Pobla de Lillet ESP"]
[Date "2012.08.06"]
[Round "6.34"]
[White "Montero Montero, JJ.."]
[Black "Las Heras Aixandri, G.."]
[Result "0-1"]
[WhiteElo "1717"]
[BlackElo "1524"]
[PlyCount "56"]
[EventDate "2012.08.01"]
[EventType "swiss"]
[EventRounds "9"]
[EventCountry "ESP"]
[SourceTitle "Ajedrez en Madrid"]
[Source "lmi"]
[SourceDate "2020.06.24"]
[SourceVersion "1"]
[SourceVersionDate "2020.06.25"]
[SourceQuality "1"]

1. e4 c5 2. Nf3 e6 3. d4 cxd4 4. Nxd4 Nf6 5. Bd3 Nc6 6. Nxc6 bxc6 7. c4 d5 8.
cxd5 cxd5 9. exd5 Nxd5 10. O-O Bc5 11. Na3 O-O 12. Nc2 Qb6 13. Qg4 Nf6 14. Qe2
Bb7 15. Be3 Qc6 16. f3 Bd6 17. Nd4 Qc7 18. g3 Nd5 19. Nb5 Qd7 20. Bxa7 Rxa7 21.
Nxa7 Bc5+ 22. Kg2 Ne3+ 23. Kh1 Nxf1 24. Rd1 Qc7 25. Nb5 Nxg3+ 26. hxg3 Qxg3 27.
Be4 Bxe4 28. fxe4 Qh3+ 0-1

[Event "La Pobla de Lillet op"]
[Site "La Pobla de Lillet ESP"]
[Date "2012.08.07"]
[Round "7.1"]
[White "Oms Pallisse, J.."]
[Black "Mellado Triviño, J.."]
[Result "1/2-1/2"]
[WhiteElo "2461"]
[BlackElo "2444"]
[PlyCount "113"]
[EventDate "2012.08.01"]
[EventType "swiss"]
[EventRounds "9"]
[EventCountry "ESP"]
[SourceTitle "Ajedrez en Madrid"]
[Source "lmi"]
[SourceDate "2020.06.24"]
[SourceVersion "1"]
[SourceVersionDate "2020.06.25"]
[SourceQuality "1"]

1. d4 f5 2. Nf3 Nf6 3. c4 g6 4. g3 Bg7 5. Bg2 O-O 6. Nc3 d6 7. O-O Nc6 8. d5
Na5 9. Qa4 b6 10. Qc2 Bd7 11. b3 c5 12. dxc6 Nxc6 13. Bb2 h6 14. Rad1 Qe8 15.
Nd5 Rc8 16. Qb1 g5 17. Nd4 Nxd4 18. Bxd4 Nxd5 19. Bxd5+ Kh8 20. Bxg7+ Kxg7 21.
e3 Qg6 22. a4 f4 23. Qxg6+ Kxg6 24. exf4 gxf4 25. Rfe1 Rce8 26. Rd4 fxg3 27.
hxg3 Rf6 28. Kg2 Kg7 29. f3 Kf8 30. Rh4 e6 31. Bb7 Ke7 32. Reh1 Rh8 33. Kf2 Kf8
34. Ke3 e5 35. g4 Kg7 36. Be4 Rff8 37. g5 h5 38. Rxh5 Rxh5 39. Rxh5 Bf5 40. Rh4
Rf7 41. f4 exf4+ 42. Rxf4 Be6 43. Rh4 Bf5 44. g6 Kxg6 45. Rg4+ Kf6 46. Rg8 Bxe4
47. Kxe4 Ke6 48. Rg5 Rh7 49. Kd4 Rh3 50. Rg6+ Kd7 51. Rg7+ Kc6 52. Rxa7 Rxb3
53. a5 bxa5 54. Rxa5 Rh3 55. Ra6+ Kc7 56. Ra5 Kc6 57. Rg5 1/2-1/2

[Event "La Pobla de Lillet op"]
[Site "La Pobla de Lillet ESP"]
[Date "2012.08.07"]
[Round "7.2"]
[White "Peralta, F.."]
[Black "Movsziszian, K.."]
[Result "1/2-1/2"]
[WhiteElo "2606"]
[BlackElo "2469"]
[PlyCount "79"]
[EventDate "2012.08.01"]
[EventType "swiss"]
[EventRounds "9"]
[EventCountry "ESP"]
[SourceTitle "Ajedrez en Madrid"]
[Source "lmi"]
[SourceDate "2020.06.24"]
[SourceVersion "1"]
[SourceVersionDate "2020.06.25"]
[SourceQuality "1"]

1. d4 d6 2. Nf3 g6 3. c4 f5 4. g3 Bg7 5. Nc3 Nf6 6. Bg2 O-O 7. O-O Nc6 8. d5
Na5 9. Qa4 c5 10. dxc6 Nxc6 11. Rd1 Kh8 12. c5 d5 13. Bf4 Be6 14. Ne5 Qe8 15.
Nxc6 bxc6 16. Be5 g5 17. e3 Bd7 18. Qd4 Qg6 19. b4 a6 20. a4 f4 21. exf4 gxf4
22. b5 fxg3 23. hxg3 axb5 24. axb5 Rxa1 25. Rxa1 cxb5 26. Nxd5 Nxd5 27. Bxd5
Bxe5 28. Qxe5+ Qf6 29. Qxf6+ Rxf6 30. Ra8+ Kg7 31. Ra7 Bc6 32. Rxe7+ Kf8 33.
Re6 Rxe6 34. Bxe6 Ke7 35. Bb3 Bf3 36. Kf1 Kd7 37. Ke1 Kc6 38. Kd2 Kxc5 39. Kc3
b4+ 40. Kd3 1/2-1/2

[Event "La Pobla de Lillet op"]
[Site "La Pobla de Lillet ESP"]
[Date "2012.08.07"]
[Round "7.3"]
[White "Antoli Royo, JM.."]
[Black "Valdes Romero, L.."]
[Result "1/2-1/2"]
[WhiteElo "2398"]
[BlackElo "2366"]
[PlyCount "49"]
[EventDate "2012.08.01"]
[EventType "swiss"]
[EventRounds "9"]
[EventCountry "ESP"]
[SourceTitle "Ajedrez en Madrid"]
[Source "lmi"]
[SourceDate "2020.06.24"]
[SourceVersion "1"]
[SourceVersionDate "2020.06.25"]
[SourceQuality "1"]

1. e4 d6 2. d4 Nf6 3. Nc3 g6 4. f4 Bg7 5. Nf3 c5 6. Bb5+ Bd7 7. e5 Ng4 8. e6
Bxb5 9. exf7+ Kf8 10. Nxb5 Qa5+ 11. Nc3 cxd4 12. Nxd4 Nc6 13. Ne6+ Kxf7 14.
Nxg7 Nf6 15. Ne6 Kxe6 16. O-O Kd7 17. a3 Rhf8 18. Kh1 Qh5 19. Qd3 Qf5 20. Qd1
Rac8 21. Be3 Ne4 22. Ne2 Nf6 23. Nc3 Ne4 24. Ne2 Nf6 25. Nc3 1/2-1/2

[Event "La Pobla de Lillet op"]
[Site "La Pobla de Lillet ESP"]
[Date "2012.08.07"]
[Round "7.4"]
[White "Ramiro Ovejero, JL.."]
[Black "Anguera Maestro, J.."]
[Result "1-0"]
[WhiteElo "2349"]
[BlackElo "2153"]
[PlyCount "117"]
[EventDate "2012.08.01"]
[EventType "swiss"]
[EventRounds "9"]
[EventCountry "ESP"]
[SourceTitle "Ajedrez en Madrid"]
[Source "lmi"]
[SourceDate "2020.06.24"]
[SourceVersion "1"]
[SourceVersionDate "2020.06.25"]
[SourceQuality "1"]

1. e4 c5 2. Nf3 Nc6 3. Bb5 g6 4. Bxc6 dxc6 5. d3 Bg7 6. h3 Nf6 7. Nc3 O-O 8.
Be3 b6 9. Qd2 Be6 10. b3 Ne8 11. Bh6 f6 12. O-O Bf7 13. Nh2 Nd6 14. Rac1 e5 15.
Bxg7 Kxg7 16. f4 Qe7 17. fxe5 fxe5 18. Ng4 Bg8 19. a4 Nf7 20. Nd1 h5 21. Nh2
Ng5 22. Qc3 Qd6 23. Ne3 Rxf1+ 24. Rxf1 Rf8 25. Rxf8 Kxf8 26. h4 Nh7 27. Nf3 Bf7
28. Qxe5 Qxe5 29. Nxe5 Be8 30. Kf2 Ke7 31. Kg3 Nf8 32. Nf3 Ne6 33. Ng5 Nd4 34.
Kf4 Kf6 35. g4 Ne2+ 36. Kf3 Nd4+ 37. Kg3 Ne2+ 38. Kf2 Nd4 39. gxh5 gxh5 40. Nf3
Bd7 41. Nxd4 cxd4 42. Nc4 Bg4 43. b4 Bd1 44. Na3 Ke5 45. Kg3 b5 46. a5 a6 47.
Kf2 Kf4 48. Ke1 Bg4 49. Nb1 Kg3 50. Nd2 Kxh4 51. Kf2 Bd1 52. Nf3+ Kg4 53. Nxd4
h4 54. e5 Kg5 55. c3 Bg4 56. Nxc6 Bf5 57. d4 Be4 58. Nb8 Kg4 59. Nd7 1-0

[Event "La Pobla de Lillet op"]
[Site "La Pobla de Lillet ESP"]
[Date "2012.08.07"]
[Round "7.5"]
[White "Aranda Marin, C.."]
[Black "Ramos del Campo, A.."]
[Result "1-0"]
[WhiteElo "2324"]
[BlackElo "2078"]
[PlyCount "57"]
[EventDate "2012.08.01"]
[EventType "swiss"]
[EventRounds "9"]
[EventCountry "ESP"]
[SourceTitle "Ajedrez en Madrid"]
[Source "lmi"]
[SourceDate "2020.06.24"]
[SourceVersion "1"]
[SourceVersionDate "2020.06.25"]
[SourceQuality "1"]

1. d4 Nf6 2. c4 c5 3. d5 e6 4. Nc3 exd5 5. cxd5 d6 6. e4 g6 7. h3 Bg7 8. Nf3
O-O 9. Bd3 a6 10. a4 Nbd7 11. O-O Nh5 12. Bg5 Qc7 13. Nd2 h6 14. Be3 Nhf6 15.
Qb3 Ne5 16. Be2 g5 17. f4 gxf4 18. Rxf4 Nfd7 19. Nf1 Kh7 20. Ng3 Rg8 21. Nh5
Bh8 22. Raf1 c4 23. Qc2 Nc5 24. Nf6+ Bxf6 25. Rxf6 Rg6 26. Bh5 Rxf6 27. Rxf6
Ng6 28. e5 Nd3 29. e6 1-0

[Event "La Pobla de Lillet op"]
[Site "La Pobla de Lillet ESP"]
[Date "2012.08.07"]
[Round "7.6"]
[White "Capellades Subirana, M.."]
[Black "Guasch Murtra, JM.."]
[Result "0-1"]
[WhiteElo "2237"]
[BlackElo "1979"]
[PlyCount "134"]
[EventDate "2012.08.01"]
[EventType "swiss"]
[EventRounds "9"]
[EventCountry "ESP"]
[SourceTitle "Ajedrez en Madrid"]
[Source "lmi"]
[SourceDate "2020.06.24"]
[SourceVersion "1"]
[SourceVersionDate "2020.06.25"]
[SourceQuality "1"]

1. e4 e5 2. Nf3 Nc6 3. Bc4 Be7 4. d4 d6 5. dxe5 dxe5 6. Bd5 Bd7 7. O-O Nf6 8.
c3 O-O 9. Nbd2 Bg4 10. Bxc6 bxc6 11. Qa4 Bxf3 12. Nxf3 Qd6 13. Be3 Ng4 14. Rad1
Qe6 15. Bc1 h6 16. h3 Nf6 17. Nh4 Bc5 18. Nf5 a5 19. Rd3 Kh7 20. Be3 Bxe3 21.
Rxe3 g6 22. Ng3 Rfd8 23. f4 exf4 24. Rxf4 Nd5 25. exd5 Qxe3+ 26. Kh2 cxd5 27.
Rxf7+ Kg8 28. Rf6 Rd6 29. Rxd6 cxd6 30. Qc6 Re8 31. Qxd5+ Qe6 32. Qxa5 h5 33.
Qg5 Kh7 34. a4 Qe5 35. Qxe5 Rxe5 36. h4 Kg7 37. c4 Kf7 38. b4 Ke7 39. a5 Kd7
40. a6 Kc7 41. c5 dxc5 42. bxc5 Rxc5 43. Ne2 Ra5 44. Kg3 Rxa6 45. Kf4 Ra2 46.
Kf3 Kd7 47. Nf4 Ra6 48. Nd3 Ke7 49. Nf2 Ke6 50. g4 Ra3+ 51. Kf4 Ra2 52. Ne4
hxg4 53. Ng5+ Kf6 54. Ne4+ Kg7 55. Kxg4 Ra4 56. Kf3 Kh6 57. Ng3 Rxh4 58. Kg2
Ra4 59. Kh3 Kg5 60. Nf1 Ra3+ 61. Kg2 Kf4 62. Kg1 g5 63. Kf2 Ra2+ 64. Kg1 g4 65.
Kh1 g3 66. Kg1 g2 67. Ng3 Kf3 0-1

[Event "La Pobla de Lillet op"]
[Site "La Pobla de Lillet ESP"]
[Date "2012.08.07"]
[Round "7.7"]
[White "Tejero Royo, F.."]
[Black "Garcia Castellote, D.."]
[Result "1-0"]
[WhiteElo "2136"]
[BlackElo "2009"]
[PlyCount "97"]
[EventDate "2012.08.01"]
[EventType "swiss"]
[EventRounds "9"]
[EventCountry "ESP"]
[SourceTitle "Ajedrez en Madrid"]
[Source "lmi"]
[SourceDate "2020.06.24"]
[SourceVersion "1"]
[SourceVersionDate "2020.06.25"]
[SourceQuality "1"]

1. d4 Nf6 2. Nf3 g6 3. g3 Bg7 4. Bg2 O-O 5. O-O d6 6. c4 Nbd7 7. Nc3 e5 8. e3
Re8 9. b3 Nf8 10. Bb2 e4 11. Nd2 Bf5 12. Qc2 Qe7 13. b4 h5 14. Nd5 Nxd5 15.
cxd5 Nh7 16. Rfe1 Nf6 17. Qb3 h4 18. h3 Kh7 19. g4 Bxg4 20. hxg4 Nxg4 21. Nxe4
h3 22. Bf3 Qh4 23. Ng3 f5 24. Bxg4 h2+ 25. Kh1 fxg4 26. Qd3 Rf8 27. Qf1 Rf3 28.
Qg2 Raf8 29. Re2 Bh6 30. Rc1 R8f7 31. Rcc2 Kg8 32. Rc3 Kf8 33. Rec2 Qf6 34.
Qxh2 Bg5 35. Kg1 Kg8 36. Rxc7 Bxe3 37. Rc8+ Rf8 38. Rxf8+ Qxf8 39. fxe3 Rxe3
40. Re2 Rd3 41. Qf2 Rf3 42. Qe1 Qh6 43. Rh2 Qg5 44. Qe8+ Rf8 45. Rh8+ Kxh8 46.
Qxf8+ Kh7 47. Qf7+ Kh8 48. Qf2 Qe7 49. Bc1 1-0

[Event "La Pobla de Lillet op"]
[Site "La Pobla de Lillet ESP"]
[Date "2012.08.07"]
[Round "7.8"]
[White "Roca Diaz, MA.."]
[Black "Alcaide Luque, A.."]
[Result "1/2-1/2"]
[WhiteElo "2045"]
[BlackElo "2123"]
[PlyCount "52"]
[EventDate "2012.08.01"]
[EventType "swiss"]
[EventRounds "9"]
[EventCountry "ESP"]
[SourceTitle "Ajedrez en Madrid"]
[Source "lmi"]
[SourceDate "2020.06.24"]
[SourceVersion "1"]
[SourceVersionDate "2020.06.25"]
[SourceQuality "1"]

1. d4 e6 2. Nf3 f5 3. g3 Nf6 4. Bg2 d5 5. c4 c6 6. O-O Bd6 7. Nc3 O-O 8. Qc2
Qe7 9. Bg5 h6 10. Bf4 Bxf4 11. gxf4 Nbd7 12. Ne5 Nxe5 13. fxe5 Ne4 14. Nxe4
fxe4 15. f4 Bd7 16. cxd5 exd5 17. Qb3 Bf5 18. Bh3 Qd7 19. Kg2 Rae8 20. Rac1 Re6
21. Bxf5 Rxf5 22. Rc3 Rg6+ 23. Rg3 Rxg3+ 24. Qxg3 Qe6 25. Kh1 Rf7 26. Rg1 Qf5
1/2-1/2

[Event "La Pobla de Lillet op"]
[Site "La Pobla de Lillet ESP"]
[Date "2012.08.07"]
[Round "7.9"]
[White "Etxagibel Larrañaga, A.."]
[Black "Corrigüelas Armillas, F.."]
[Result "0-1"]
[WhiteElo "2070"]
[BlackElo "1969"]
[PlyCount "50"]
[EventDate "2012.08.01"]
[EventType "swiss"]
[EventRounds "9"]
[EventCountry "ESP"]
[SourceTitle "Ajedrez en Madrid"]
[Source "lmi"]
[SourceDate "2020.06.24"]
[SourceVersion "1"]
[SourceVersionDate "2020.06.25"]
[SourceQuality "1"]

1. Nf3 Nf6 2. c4 e6 3. g3 b6 4. Bg2 Bb7 5. O-O Be7 6. Nc3 O-O 7. d3 d5 8. Ne5
Nbd7 9. Bf4 c5 10. cxd5 exd5 11. Qb3 Re8 12. Rfe1 Rc8 13. Bh3 c4 14. dxc4 Nxe5
15. Bxc8 Qxc8 16. Bxe5 Qh3 17. e4 Ng4 18. Bd4 Bf6 19. Qd1 dxe4 20. Be3 Nxh2 21.
Bf4 Bxc3 22. Re3 Ng4 23. Qxg4 Qxg4 24. bxc3 Rd8 25. Ree1 f5 0-1

[Event "La Pobla de Lillet op"]
[Site "La Pobla de Lillet ESP"]
[Date "2012.08.07"]
[Round "7.10"]
[White "Moya Arau, C.."]
[Black "Capelles Prat, R.."]
[Result "1-0"]
[WhiteElo "2066"]
[BlackElo "1934"]
[PlyCount "81"]
[EventDate "2012.08.01"]
[EventType "swiss"]
[EventRounds "9"]
[EventCountry "ESP"]
[SourceTitle "Ajedrez en Madrid"]
[Source "lmi"]
[SourceDate "2020.06.24"]
[SourceVersion "1"]
[SourceVersionDate "2020.06.25"]
[SourceQuality "1"]

1. d4 Nf6 2. Nf3 e6 3. Bg5 d5 4. e3 c5 5. c3 Nbd7 6. Bd3 h6 7. Bh4 Bd6 8. Nbd2
O-O 9. O-O Qc7 10. e4 cxd4 11. cxd4 dxe4 12. Nxe4 Nxe4 13. Bxe4 f5 14. Rc1 Qb6
15. Bb1 Qxb2 16. Bg3 Qb4 17. Qd3 Bxg3 18. fxg3 Qd6 19. g4 g6 20. Nh4 Kg7 21.
Nxg6 Rf6 22. gxf5 exf5 23. Nh4 Nf8 24. Rxc8 Rxc8 25. Nxf5+ Rxf5 26. Qxf5 Qxd4+
27. Kh1 Qc3 28. h3 Qc5 29. Qf6+ Kg8 30. Rf4 Qc1+ 31. Kh2 Qc7 32. Bc2 h5 33.
Bb3+ Kh7 34. Qf5+ Kg7 35. Bf7 Qc5 36. Bd5 Rc7 37. Qg5+ Ng6 38. Rf6 Qc2 39.
Rxg6+ Qxg6 40. Qe5+ Kh6 41. Qxc7 1-0

[Event "La Pobla de Lillet op"]
[Site "La Pobla de Lillet ESP"]
[Date "2012.08.07"]
[Round "7.13"]
[White "Lozano Sanchez, JA.."]
[Black "Garcia Galeote, L.."]
[Result "0-1"]
[WhiteElo "1863"]
[BlackElo "2025"]
[PlyCount "74"]
[EventDate "2012.08.01"]
[EventType "swiss"]
[EventRounds "9"]
[EventCountry "ESP"]
[SourceTitle "Ajedrez en Madrid"]
[Source "lmi"]
[SourceDate "2020.06.24"]
[SourceVersion "1"]
[SourceVersionDate "2020.06.25"]
[SourceQuality "1"]

1. e4 b6 2. d4 Bb7 3. Nc3 e6 4. Bd3 d6 5. Nge2 Nd7 6. Be3 a6 7. O-O g6 8. f4 f5
9. e5 d5 10. Nb1 c5 11. c4 Rc8 12. Nd2 Kf7 13. Qa4 Bc6 14. Qd1 dxc4 15. Bxc4 b5
16. Bd3 c4 17. Bc2 Nb6 18. Nf3 h6 19. Qe1 Ne7 20. a3 Ned5 21. Nc3 Be7 22. Nxd5
Nxd5 23. Qf2 Qg8 24. b3 Nxe3 25. Qxe3 Bd5 26. b4 g5 27. fxg5 Bxg5 28. Nxg5+
Qxg5 29. Qxg5 hxg5 30. Rac1 Ke7 31. h3 Rh4 32. Rfd1 g4 33. Bd3 gxh3 34. Bf1 Rg8
35. Rd2 hxg2 36. Bxg2 Rhg4 37. Rcc2 Rxg2+ 0-1

[Event "La Pobla de Lillet op"]
[Site "La Pobla de Lillet ESP"]
[Date "2012.08.07"]
[Round "7.38"]
[White "Girona Rovira, A.."]
[Black "Montero Montero, JJ.."]
[Result "1/2-1/2"]
[WhiteElo "1502"]
[BlackElo "1717"]
[PlyCount "103"]
[EventDate "2012.08.01"]
[EventType "swiss"]
[EventRounds "9"]
[EventCountry "ESP"]
[SourceTitle "Ajedrez en Madrid"]
[Source "lmi"]
[SourceDate "2020.06.24"]
[SourceVersion "1"]
[SourceVersionDate "2020.06.25"]
[SourceQuality "1"]

1. d4 Nf6 2. Nf3 e6 3. Bf4 b6 4. h3 Bb7 5. e3 Be7 6. Be2 O-O 7. O-O d6 8. c4 c5
9. Nc3 d5 10. Ne5 dxc4 11. Bxc4 cxd4 12. exd4 Nbd7 13. Nxd7 Qxd7 14. Bb3 Rfd8
15. Ne2 Ba6 16. Be3 Qb5 17. Re1 Bb4 18. Bd2 Qa5 19. Bxb4 Qxb4 20. Rc1 Bxe2 21.
Qxe2 Rxd4 22. Red1 Rxd1+ 23. Qxd1 Qe7 24. Qf3 Rd8 25. Rd1 Rxd1+ 26. Qxd1 g6 27.
Qf3 Ne8 28. Qc6 Nd6 29. Bc2 Ne8 30. Ba4 Nc7 31. Bb3 Ne8 32. Ba4 Nd6 33. Bc2 Nb7
34. Qc3 Qc5 35. Qxc5 Nxc5 36. Kf1 Kf8 37. Ke2 Ke7 38. Ke3 f5 39. Kd4 Kd6 40. b4
Nd7 41. Ba4 Nb8 42. f4 a6 43. b5 a5 44. Bb3 h6 45. h4 Nd7 46. a4 Nf6 47. Bd1
Nd7 48. h5 gxh5 49. Bxh5 e5+ 50. fxe5+ Nxe5 51. Bd1 Ng4 52. Be2 1/2-1/2

[Event "La Pobla de Lillet op"]
[Site "La Pobla de Lillet ESP"]
[Date "2012.08.08"]
[Round "8.1"]
[White "Peralta, F.."]
[Black "Oms Pallisse, J.."]
[Result "1/2-1/2"]
[WhiteElo "2606"]
[BlackElo "2461"]
[PlyCount "82"]
[EventDate "2012.08.01"]
[EventType "swiss"]
[EventRounds "9"]
[EventCountry "ESP"]
[SourceTitle "Ajedrez en Madrid"]
[Source "lmi"]
[SourceDate "2020.06.24"]
[SourceVersion "1"]
[SourceVersionDate "2020.06.25"]
[SourceQuality "1"]

1. d4 e6 2. c4 Bb4+ 3. Nc3 c5 4. e3 Nc6 5. Nf3 Bxc3+ 6. bxc3 d6 7. Bd3 e5 8.
Be4 Nge7 9. dxc5 dxc5 10. Bd5 O-O 11. e4 Bg4 12. h3 Bh5 13. g4 Bg6 14. Qe2 Qa5
15. Bd2 Qa4 16. Be3 Rfe8 17. O-O Nxd5 18. cxd5 Na5 19. Nd2 Bxe4 20. c4 Bg6 21.
Bxc5 b6 22. Be3 f5 23. gxf5 Bxf5 24. Kh2 Rac8 25. Rg1 Nxc4 26. Nxc4 Qxc4 27.
Qxc4 Rxc4 28. Rad1 Rec8 29. Rc1 Rxc1 30. Rxc1 Rxc1 31. Bxc1 Be4 32. d6 Bc6 33.
Bb2 e4 34. Kg3 Kf7 35. Kf4 Ke6 36. Bxg7 Kxd6 37. Ke3 Kc5 38. Kd2 Bd5 39. a3 Kc4
40. Kc2 a5 41. h4 b5 1/2-1/2

[Event "La Pobla de Lillet op"]
[Site "La Pobla de Lillet ESP"]
[Date "2012.08.08"]
[Round "8.4"]
[White "Valdes Romero, L.."]
[Black "Tejero Royo, F.."]
[Result "1-0"]
[WhiteElo "2366"]
[BlackElo "2136"]
[PlyCount "65"]
[EventDate "2012.08.01"]
[EventType "swiss"]
[EventRounds "9"]
[EventCountry "ESP"]
[SourceTitle "Ajedrez en Madrid"]
[Source "lmi"]
[SourceDate "2020.06.24"]
[SourceVersion "1"]
[SourceVersionDate "2020.06.25"]
[SourceQuality "1"]

1. Nf3 Nf6 2. g3 g6 3. c4 Bg7 4. Bg2 O-O 5. Nc3 d6 6. O-O c6 7. d3 a6 8. Bd2
Qc7 9. Rc1 Nbd7 10. b4 b6 11. d4 Re8 12. Qb3 Rb8 13. Qa3 e5 14. c5 Nh5 15. cxd6
Qxd6 16. Ne4 Qe7 17. dxe5 Nxe5 18. Nxe5 Bxe5 19. Bg5 f6 20. Be3 f5 21. Bg5 Qg7
22. Nc3 Bb7 23. Na4 f4 24. Qb3+ Kh8 25. e3 fxg3 26. fxg3 c5 27. Rf7 c4 28. Qxc4
Rbc8 29. Rxg7 Rxc4 30. Rxc4 Nxg7 31. Bxb7 b5 32. Rc8 bxa4 33. Bxa6 1-0

[Event "La Pobla de Lillet op"]
[Site "La Pobla de Lillet ESP"]
[Date "2012.08.08"]
[Round "8.5"]
[White "Garcia Miracle, JJ.."]
[Black "Aranda Marin, C.."]
[Result "0-1"]
[WhiteElo "2059"]
[BlackElo "2324"]
[PlyCount "38"]
[EventDate "2012.08.01"]
[EventType "swiss"]
[EventRounds "9"]
[EventCountry "ESP"]
[SourceTitle "Ajedrez en Madrid"]
[Source "lmi"]
[SourceDate "2020.06.24"]
[SourceVersion "1"]
[SourceVersionDate "2020.06.25"]
[SourceQuality "1"]

1. d4 e6 2. c4 b6 3. e4 Bb7 4. f3 f5 5. exf5 Nh6 6. fxe6 Nf5 7. Bf4 dxe6 8. d5
Bd6 9. Bxd6 Qxd6 10. dxe6 Qe5+ 11. Qe2 Nc6 12. Qxe5 Nxe5 13. Na3 O-O-O 14. Nc2
Rd6 15. Rd1 Rxe6 16. Kf2 Rf8 17. h3 g5 18. Nd4 Rd6 19. Nge2 c5 0-1